| 000 | 01030nam a2200241 a 4500 | ||
|---|---|---|---|
| 003 | BD-DhJNU | ||
| 005 | 20251111050500.0 | ||
| 008 | 251108s2002 bg |||g |||| 000 1|ben|d | ||
| 020 | _a9789849941385 | ||
| 040 |
_aBD-DhJNU _bben _cBD-DhJNU _dBD-DhJNU |
||
| 041 | _aben | ||
| 082 |
_a972.910 NAF _223 |
||
| 100 | _aNannu, Nozmul Hoque | ||
| 242 | 1 | 0 | _aFidel Castro in history / by Nozmul Hoque Nannu |
| 245 | 1 | 0 |
_aইতিহাসের ধারায় ফিদেল কাস্ত্রো / _cনজমুল হক নান্নু |
| 246 | _aItihasher dharay Fidel Castro | ||
| 260 |
_aঢাকা : _bবাঙ্গালা গবেষণা প্রকাশনা, _c2025. |
||
| 300 |
_a-207 পৃ. : _bচিত্র ; _c২১ সেমি.। |
||
| 504 | _aগ্রন্থপঞ্জিগত নির্দেশিকা ও নিঘন্ট অন্তভূক্ত | ||
| 650 | _aFidel Castro | ||
| 650 | _aCuban Revolution-কিউবান বিপ্লব | ||
| 942 | _cBK | ||
| 999 |
_c2354 _d2354 |
||